| 000 | 00684nam a2200241Ia 4500 | ||
|---|---|---|---|
| 003 | OSt | ||
| 005 | 20220925225530.0 | ||
| 006 | a|||||r|||| 00| 0 | ||
| 007 | ta | ||
| 008 | 220923b |||||||| |||| 00| 0 eng d | ||
| 020 | _a0761968164 | ||
| 037 | _cGeneral Book | ||
| 040 |
_aRTL _cRTL _beng |
||
| 041 |
_2eng _aeng |
||
| 082 | _aRxN26:g, P0 | ||
| 100 |
_aDanaher Geoff _920920 |
||
| 245 | 0 | _aUnderstanding Foucault | |
| 260 |
_aLondon _bSage Publications United Kingdom _c2000 |
||
| 300 |
_axv, 172p. Bibliography p.165-68 _ccm. |
||
| 650 |
_aPhilosophy-Foucault _9230844 |
||
| 942 |
_hRxN26:g, P0 _cGB _2CC |
||
| 999 |
_c583756 _d583756 |
||